| 000 | 00412nam a22001697a 4500 | ||
|---|---|---|---|
| 005 | 20230818100841.0 | ||
| 008 | 230818b |||||||| |||| 00| 0 eng d | ||
| 020 | _a978-93-90020-07-2 | ||
| 041 | _aeng | ||
| 082 | _a615.8 | ||
| 100 |
_aNANDA, BASANTA KUMAR _97972 |
||
| 245 | _aELECTROTHERAPY SIMPLIFIED | ||
| 260 |
_aNEW DELHI _bJAYPEE BROTHERS _c2020 |
||
| 300 | _a334;p | ||
| 650 |
_aBPT _97973 |
||
| 942 | _cBK | ||
| 999 |
_c8383 _d8381 |
||